00000000nam##2200000za#4500
0019.700483
003CaOODSP
00520250506145324
007cr |||||||||||
008150407|1967||||xxc|||||o    f|0| 0 eng|d
040 |aCaOODSP|beng
043 |an-cn---
0861 |aA53-1256/1967E-PDF
1101 |aCanada.|bAgriculture Canada.
24510|aSprinkler irrigation on ranches in the southern interior of British Columbia / |h[electronic resource]|c[by] William A. Hubbard.
260 |aOttawa - Ontario : |bAgriculture Canada |c1967.
300 |a16p.|bfigs., illus.
500 |aHistorical publication digitized by Agriculture and Agri-Food Canada.
590 |a15-05-Supp|b2015-03-31
69007|aFlora|2gcpds
85640|ahttp://publications.gc.ca|qPDF|s1227 KB|uhttps://publications.gc.ca/collections/collection_2015/aac-aafc/A53-1256-1967-eng.pdf
986 |aPublication 1256